000 00959nam a2200253Ia 4500
003 OSt
005 20220916110908.0
006 a|||||r|||| 00| 0
007 ta
008 220915b |||||||| |||| 00| 0 hin d
024 _a36282
037 _cTextbook
040 _bhin
_aARTS
_cARTS
041 _ahin
082 _aO15,2:g, 152K6-;1
100 _aत्रिगुणायत, गोविन्द
245 0 _aहिन्दी दशरुपक: दशरुपक और उसकी हिन्दी व्याख्या
246 _aHindī dasharupaka: dasharupak aur usakī hindī vyākhyā
260 _aकानपुर
_bसाहित्य निकेतन भारत
_c1966
300 _a422पण्
_ccm.
650 _aहिन्दी साहित्य
942 _hO15,2:g, 152K6-;1
_cTB
_2CC
999 _c100687
_d100687